| 000 | 00373nam a2200133Ia 4500 | ||
|---|---|---|---|
| 008 | 220217s9999||||xx |||||||||||||| ||und|| | ||
| 020 | _a81-85623-85-6 | ||
| 082 | _a001 CHO | ||
| 100 |
_aChopra, Ravi _92916 |
||
| 245 | 0 | _aCommon admission test for IIM (CAT) | |
| 260 |
_aGalgotia publications _bNew Delhi _c2003 |
||
| 300 | _b230 | ||
| 650 | _aEXAM BOOKS/GRE/CAT/GATE | ||
| 999 |
_c171470 _d171470 |
||